| 000 | 00840nam a22002892a 4500 | ||
|---|---|---|---|
| 001 | 33237 | ||
| 003 | BD-RjUL | ||
| 005 | 20211209051954.0 | ||
| 008 | 140430r19281921enk b 001 0 eng d | ||
| 035 | _a(BD-RjUL)33328 | ||
| 040 |
_aURB _cURB _dOCL _dPIT _dUKM _dBD-RjUL _beng |
||
| 041 | _aeng | ||
| 082 |
_a301.1 _218 _bGIP 1928 |
||
| 090 |
_aHM251 _b.G6 1964b |
||
| 100 | 1 |
_aGinsberg, Morris _d1889-1970. _9100225 |
|
| 245 | 1 | 4 |
_aThe psychology of society / _cMorris Ginsberg |
| 250 | _a3rd. ed. | ||
| 260 |
_aLondon : _bMethuen, _c1928. |
||
| 300 |
_axvi, 171 p. ; _c22 cm |
||
| 490 | 1 |
_aUniversity paperbacks ; _v78 |
|
| 504 | _aBibliography: p. [147]-149 & Includes index. | ||
| 650 | 0 |
_aSocial psychology _9100492 |
|
| 830 | 0 |
_v78 _9100929 |
|
| 830 | 0 |
_aUniversity paperbacks ; _925556 |
|
| 942 |
_2ddc _cBK |
||
| 999 |
_c33237 _d33237 |
||